000 00918cam a22001934a 4500
005 20250605163323.0
008 250528s ||||||||||||||||||||||||d
035 _a16839
020 _a75172016
040 _aGR-AtMCL
_bgre
_dGR-AtMCL
_eAACR2
245 1 _aQuantitative Methods / For First Year Degree Students
250 _a1st
260 _bBpp Publishing,
_c1993
300 _a292
520 _aThis book offers a new, student-friendly approach to business studies subjects. Preface, How to Use This Book, Basis Mathematics, Collecting Data, Presenting Data, Index Numbers, Averages and Depression, Probability, Probability Distributions, Estimation and Hypothesis Testing, Correlation and Regression, Time Series, Linear Programming, Differential Calculus, Breakeven Analysis, Network Analysis, Compound Interest and Discounting, Index, Review Form.
942 _cBK
999 _c2293
_d2293